Score 0/30 Timer 05:00
0 Plays Today
Category Unscrambled Word % Correct
WebsitesBING
93.9%
VeggiesONION
92%
ToolsHAMMER
90.2%
VeggiesKALE
88.8%
AnimalsKOALA
88.5%
ToolsSCREWDRIVER
88.5%
ToolsKNIFE
87.5%
VeggiesASPARAGUS
87.1%
VeggiesCARROT
86.3%
AnimalsBISON
80%
VeggiesRADISH
80%
ToolsWRENCH
79.6%
AnimalsTURTLE
76.4%
AnimalsEAGLE
75.9%
Canadian citiesHALIFAX
74.8%
Category Unscrambled Word % Correct
Olympic sportsBOBSLED
72.6%
WebsitesIMDB
68.9%
WebsitesSPORCLE
58.6%
Olympic sportsFENCING
57.9%
AnimalsHUSKY
53.6%
ToolsPLIERS
47.4%
Olympic sportsBIATHLON
40.8%
WebsitesREDDIT
36.4%
Olympic sportsSKELETON
33.1%
Canadian citiesVICTORIA
31.8%
WebsitesMYSPACE
29.6%
Canadian citiesSASKATOON
25.5%
Olympic sportsTRAMPOLINE
23.8%
Canadian citiesEDMONTON
18.8%
Canadian citiesHAMILTON
18.7%
Remove Ads.
Support Sporcle.
Get the best of Sporcle when you Go Orange. This ad-free experience offers more features, more stats, and more fun while also helping to support Sporcle. Thank you for becoming a member.

You're not logged in!

Compare scores with friends on all Sporcle quizzes.
OR
Log In

Show Comments

Extras

Top Quizzes Today


Score Distribution

Your Account Isn't Verified!

In order to create a playlist on Sporcle, you need to verify the email address you used during registration. Go to your Sporcle Settings to finish the process.

Report this User

Report this user for behavior that violates our Community Guidelines.

Details: